000 00305nam a2200133Ia 4500
008 190723s9999 xx 000 0 und d
020 _a978-93-528-65284
100 _aWarren J. Keegan
245 0 _aGlobal Marketing
250 _a9th
260 _aIndia
_bPearson
_c2018
300 _a624.:p
942 _cBK
999 _c1815
_d1815